Statistics for Universities by state (U.S.)

Click here to take the quiz!

General Stats

  • This quiz has been taken 1,271 times
  • The average score is 13 of 15

Answer Stats

Hint Answer % Correct
Duke UniversityNorth Carolina
95%
University of Notre DameIndiana
95%
Northwestern UniversityIllinois
93%
Rice UniversityTexas
92%
Auburn UniversityAlabama
90%
Johns Hopkins UniversityMaryland
90%
Pepperdine UniversityCalifornia
89%
Clemson UniversitySouth Carolina
89%
Vanderbilt UniversityTennessee
87%
Hofstra UniversityNew York
86%
Dartmouth CollegeNew Hampshire
83%
Case Western Reserve UniversityOhio
77%
Tufts UniversityMassachusetts
75%
University of DubuqueIowa
70%
Wayne State UniversityMichigan
67%

Score Distribution

Percentile by Number Answered

Percent of People with Each Score

Your Score History

You have not taken this quiz